Rozvoj systémov business intelligence

Enregistré dans:
Détails bibliographiques
Auteur principal: Čarnický, Štefan
Format: Chapitre de livre
Langue:slovaque
Sujets:
Tags: Ajouter un tag
Pas de tags, Soyez le premier à ajouter un tag!

MARC

LEADER 00000nla a2200000 4500
001 0215366
005 20240502073608.1
041 0 |a slo 
044 |a SK 
245 1 0 |a Rozvoj systémov business intelligence  |c Štefan Čarnický 
500 |a Abstrakt 
610 2 0 |a riadenie podnikové 
610 2 0 |a business intelligence 
100 1 |a Čarnický, Štefan